[Event "Heilbronner SV 1 - SG Schwäbisch Gmünd 1"]
[Site "Oberliga Württemberg 2018/2019"]
[Date "2018.10.14"]
[Round "2"]
[White "Kasüschke, Lars"]
[Black "Stürmer, Robin"]
[Result "0-1"]
[WhiteElo "2023"]
[BlackElo "2214"]
[Annotator ""]
[Source ""]
[Remark ""]

1.e4 c6 2.d4 d5 3.e5 Bf5 4.Nf3 e6 5.Be2 Nd7 6.O-O Ne7 7.Be3 Qc7
8.Nbd2 f6 9.exf6 gxf6 10.Nh4 O-O-O 11.c4 Rg8 12.Rc1 Kb8 13.Bf3
Bd3 14.Re1 f5 15.Qb3 Be4 16.cxd5 exd5 17.Bxe4 dxe4 18.Nxf5 Nxf5
19.Qxg8 Nxe3 20.fxe3 Bb4 21.Qxh7 Bxd2 22.Qxe4 Nf6 23.Qf3 Qe7
24.Rcd1 Bxe1 25.Qf4+ Ka8 26.Rxe1 Re8 27.Qf3 Ne4 28.Qh5 a6 29.d5
Nf6 30.Qf5 Nxd5 31.e4 Rf8 32.Qh5 Nf4 33.Qg4 Qc5+ 34.Kh1 Nd3 0-1

[Event "Heilbronner SV 1 - SG Schwäbisch Gmünd 1"]
[Site "Oberliga Württemberg 2018/2019"]
[Date "2018.10.14"]
[Round "2"]
[White "Wenninger, Patrick"]
[Black "Pohl, Walter"]
[Result "1/2-1/2"]
[WhiteElo "2048"]
[BlackElo "2029"]
[Annotator ""]
[Source ""]
[Remark ""]

1.d4 d5 2.c4 Nc6 3.Nf3 Bg4 4.e3 e6 5.Be2 Nf6 6.O-O Be7 7.b3 O-O
8.Ba3 Ne4 9.Bxe7 Nxe7 10.cxd5 exd5 11.Ne5 Bf5 12.b4 f6 13.Nd3
Qd6 14.a4 c6 15.Qb3 Kh8 {(=)} 16.Ra2 Bg6 17.Nd2 Nxd2 18.Rxd2
Bxd3 19.Bxd3 f5 20.g3 a6 21.Rb2 Qe6 22.Qc2 g5 23.Qe2 Rae8 24.b5
axb5 25.axb5 Ng6 26.bxc6 bxc6 27.Rb7 Re7 28.Rxe7 Qxe7 29.Qc2
Qe6 30.Rb1 Ne7 31.Rb7 f4 32.Qe2 f3 33.Qb2 Qh3 34.Bf1 Qe6 35.Rb8
Kg7 36.Rxf8 Kxf8 37.Qb8+ Kg7 38.Qe8 Qf7 39.Qd7 h5 40.Bd3 Kf6
41.Qd8 Qg8 42.Qd6+ Qe6 43.Qb8 Kg7 44.Qe8 Qf7 45.Qd8 Qe6 46.Qb8
Ng6 47.Qd8 Ne7 48.Qa8 Qh3 49.Bf1 Qe6 1/2-1/2

[Event "SG Schwäbisch Gmünd 1 - SK Sontheim/Brenz 1"]
[Site "Oberliga Württemberg 2018/2019"]
[Date "2018.11.11"]
[Round "3"]
[White "Walter, Kevin"]
[Black "Petrová, Kristyna"]
[Result "0-1"]
[WhiteElo "2097"]
[BlackElo "2256"]
[Annotator ""]
[Source ""]
[Remark ""]

1.e4 c5 2.Nf3 Nc6 3.d4 cxd4 4.Nxd4 e6 5.Nb5 d6 6.Bf4 e5 7.Be3
Nf6 8.Bg5 Be6 9.Nd2 a6 10.Nc3 Rc8 11.Bc4 b5 12.Bd5 Be7 13.Bxf6
Bxf6 14.Nf3 Na5 15.O-O O-O 16.Qd3 Qc7 17.Rac1 Be7 18.Nd1 Nc4
19.b3 Bxd5 20.Qxd5 Nb6 21.Qd2 Qc6 22.Re1 g6 23.Qd3 Rfd8 24.Ne3
Qc3 25.Rcd1 Qxd3 26.cxd3 Rd7 27.d4 exd4 28.Nxd4 Bg5 29.f3 d5
30.exd5 Bxe3+ 31.Rxe3 Nxd5 32.Red3 Nb4 33.R3d2 Rcd8 34.Kf2 Nxa2
35.Rxa2 Rxd4 36.Rxd4 Rxd4 37.Rxa6 Rd3 38.b4 Rb3 39.Ra2 Rxb4 40.Ke3
h5 41.Kd3 Kg7 42.Kc3 Rc4+ 43.Kd3 Rh4 44.g3 Rb4 45.Kc3 Rb1 46.Kc2
Rf1 47.Ra3 Rf2+ 48.Kd1 Rxh2 49.Rb3 Rh3 0-1

[Event "SG Schwäbisch Gmünd 1 - SK Sontheim/Brenz 1"]
[Site "Oberliga Württemberg 2018/2019"]
[Date "2018.11.11"]
[Round "3"]
[White "Jurek, Josef"]
[Black "Riefner, Edwin"]
[Result "1/2-1/2"]
[WhiteElo "2248"]
[BlackElo "2186"]
[Annotator ""]
[Source ""]
[Remark ""]

1.d4 Nf6 2.c4 g6 3.Nf3 Bg7 4.Nc3 d5 5.Bf4 c6 6.e3 O-O 7.h3 Qb6
8.Qb3 Bf5 9.g4 Be4 10.Nxe4 Nxe4 11.Qxb6 axb6 12.a3 Nd7 13.cxd5
cxd5 14.Bb5 Ndf6 15.Ke2 Ne8 16.Rhc1 N8d6 17.Bd3 Rfc8 18.Nd2 Rc6
19.f3 Nxd2 20.Kxd2 Nc4+ 21.Bxc4 dxc4 22.Rc2 Rd8 23.Ke2 Rd5 24.Rd1
b5 25.Bg3 1/2-1/2

[Event "SG Schwäbisch Gmünd 1 - SK Sontheim/Brenz 1"]
[Site "Oberliga Württemberg 2018/2019"]
[Date "2018.11.11"]
[Round "3"]
[White "Pürckhauer, Sören"]
[Black "Denisow, Jewgeny"]
[Result "1/2-1/2"]
[WhiteElo "2163"]
[BlackElo "2131"]
[Annotator ""]
[Source ""]
[Remark ""]

1.e4 c5 2.Nf3 d6 3.d4 cxd4 4.Nxd4 Nf6 5.Nc3 a6 6.Bg5 Nbd7 7.Bc4
Qc7 8.Bb3 h6 9.Bh4 g5 10.Bg3 Nc5 11.f3 Bg7 12.Bf2 Bd7 13.Qd2
Nxb3 14.axb3 Rc8 15.Nd5 Nxd5 16.exd5 O-O 17.c3 e5 18.dxe6 fxe6
19.O-O e5 20.Ne2 Bc6 21.c4 Qd7 22.Nc3 g4 23.fxg4 Qxg4 24.Nd5
Kh8 25.Be3 Qe6 26.Nb6 Rxf1+ 27.Rxf1 Rf8 28.Rxf8+ Bxf8 29.Nd5
Qg6 30.h3 Bd7 1/2-1/2

[Event "SG Schwäbisch Gmünd 1 - SK Sontheim/Brenz 1"]
[Site "Oberliga Württemberg 2018/2019"]
[Date "2018.11.11"]
[Round "3"]
[White "Weiss, Andreas"]
[Black "Lemke, Johannes"]
[Result "0-1"]
[WhiteElo "2166"]
[BlackElo "2105"]
[Annotator ""]
[Source ""]
[Remark ""]

1.e4 e5 2.Nf3 Nc6 3.Bb5 a6 4.Bxc6 dxc6 5.O-O Bg4 6.h3 h5 7.d3
Bxf3 8.Qxf3 Bc5 9.Qg3 Qf6 10.Bg5 Qe6 11.Nd2 Nf6 12.Be3 h4 13.Qf3
Bxe3 14.Qxe3 Nh5 15.d4 exd4 16.Qxd4 Nf4 17.Qe3 g5 18.Nf3 f6 19.e5
O-O-O 20.Rfe1 Kb8 21.exf6 Qxf6 22.Qe5 Nxh3+ 23.Kf1 Rd2 24.Re2
Qxe5 25.Nxe5 Rxe2 26.Kxe2 Re8 27.gxh3 Rxe5+ 28.Kf3 Rf5+ 29.Ke3
Kc8 30.Rd1 Ra5 31.a3 Rb5 32.b3 Rc5 33.c4 b5 34.Rd4 a5 35.Ke4
a4 36.bxa4 Rxc4 37.Rxc4 bxc4 38.Kd4 g4 0-1

[Event "SG Schwäbisch Gmünd 1 - SK Sontheim/Brenz 1"]
[Site "Oberliga Württemberg 2018/2019"]
[Date "2018.11.11"]
[Round "3"]
[White "Ullmann, Juergen"]
[Black "Hönick, Andreas"]
[Result "1/2-1/2"]
[WhiteElo "1977"]
[BlackElo "2069"]
[Annotator ""]
[Source ""]
[Remark ""]

1.e4 c5 2.d4 cxd4 3.c3 Nf6 4.e5 Nd5 5.Nf3 d6 6.Qxd4 e6 7.Na3
Be7 8.Bb5+ Nd7 9.O-O dxe5 10.Nxe5 O-O 11.Bxd7 Bxd7 12.Nxd7 Qxd7
13.Nc4 Qc7 14.Qg4 1/2-1/2

[Event "SG Schwäbisch Gmünd 1 - SK Sontheim/Brenz 1"]
[Site "Oberliga Württemberg 2018/2019"]
[Date "2018.11.11"]
[Round "3"]
[White "Reindl, Arno"]
[Black "Klein, Andreas"]
[Result "1-0"]
[WhiteElo "2012"]
[BlackElo "2024"]
[Annotator ""]
[Source ""]
[Remark ""]

1.e4 Nf6 2.e5 Nd5 3.d4 d6 4.c4 Nb6 5.exd6 exd6 6.Nf3 Bg4 7.Be2
Nc6 8.d5 Bxf3 9.Bxf3 Ne5 10.Be2 Be7 11.O-O O-O 12.Nd2 c6 13.f4
Ng6 14.Ne4 f5 15.Nc3 Bf6 16.dxc6 bxc6 17.Bf3 Nxc4 18.Qd3 Nxb2
19.Bxb2 Qb6+ 20.Rf2 Bd4 21.Qd2 Nxf4 22.Nd1 Bxf2+ 23.Nxf2 Nd5
24.Bxd5+ cxd5 25.Qxd5+ Kh8 26.Bd4 Qa6 27.Nh3 Rae8 28.Ng5 Qa4
29.Qxd6 Qa5 30.Qg3 h6 31.Ne6 Rg8 32.Qg6 Rxe6 33.Qxe6 Kh7 34.Qe5
Qd2 35.Qxf5+ Kh8 36.Qf2 Qb4 37.Qe3 Qd6 38.Bxa7 1-0

[Event "SG Schwäbisch Gmünd 1 - SK Sontheim/Brenz 1"]
[Site "Oberliga Württemberg 2018/2019"]
[Date "2018.11.11"]
[Round "3"]
[White "Kaufmann, Thorsten"]
[Black "Held, Paul"]
[Result "0-1"]
[WhiteElo "2043"]
[BlackElo "2148"]
[Annotator ""]
[Source ""]
[Remark ""]

1.e4 e5 2.Nf3 Nc6 3.Bb5 f5 4.Nc3 Nd4 5.Bc4 d6 6.Bxg8 Rxg8 7.Nxd4
exd4 8.Qh5+ g6 9.Qxh7 Rg7 10.Qh8 dxc3 11.dxc3 Qe7 12.Bh6 Rh7
13.Qxf8+ Qxf8 14.Bxf8 Kxf8 15.exf5 Bxf5 16.Kd2 Re8 0-1

[Event "SG Schwäbisch Gmünd 1 - SK Sontheim/Brenz 1"]
[Site "Oberliga Württemberg 2018/2019"]
[Date "2018.11.11"]
[Round "3"]
[White "Bader, Gerd"]
[Black "Wolf, Stefan"]
[Result "1/2-1/2"]
[WhiteElo "2026"]
[BlackElo "1880"]
[Annotator ""]
[Source ""]
[Remark ""]

1.e4 c6 2.d3 d5 3.Nd2 g6 4.g3 Bg7 5.Bg2 e6 6.Ngf3 Ne7 7.O-O O-O
8.Re1 b6 9.c3 Bb7 10.e5 c5 11.Nf1 Nbc6 12.h4 Qd7 13.N1h2 Kh8
14.Bf4 d4 15.c4 Rae8 16.Qd2 Ng8 17.Re2 Nd8 18.Rae1 Bc6 19.Ng5
Bxg2 20.Kxg2 f6 21.exf6 Nxf6 22.Kg1 h6 23.Ngf3 Nf7 24.Be5 Kh7
25.Bxf6 Bxf6 26.Ng4 Bg7 27.Nfe5 Nxe5 28.Nxe5 Bxe5 29.Rxe5 Rf6
30.Qe2 Qf7 31.f4 Kg7 32.Qg4 Rf5 33.h5 Rf6 34.Qe2 gxh5 35.Rxh5
Rg6 36.Qe5+ Kh7 37.Qe4 Reg8 38.Kh2 Kg7 39.Qe5+ Qf6 40.Qe4 Kh8
41.Rh3 Qf5 42.Qxf5 exf5 43.Re5 Rf6 44.Kg2 Kh7 45.Kf2 {(=)} Rg7
46.Rh1 a6 47.Rhe1 Rfg6 48.Rg1 Rf7 49.Rge1 1/2-1/2

[Event "SK Bebenhausen 1 - Heilbronner SV 1"]
[Site "Oberliga Württemberg 2018/2019"]
[Date "2018.11.11"]
[Round "3"]
[White "Schulze, Ulrich"]
[Black "Braun, Georg"]
[Result "1/2-1/2"]
[WhiteElo "2283"]
[BlackElo "2290"]
[Annotator ""]
[Source ""]
[Remark ""]

1.Nf3 g6 2.d4 Bg7 3.e4 d6 4.Bc4 e6 5.O-O Ne7 6.Re1 O-O 7.c3 Nd7
8.Bf4 h6 9.h3 Kh7 10.Nbd2 b6 11.a4 a6 12.Qe2 Bb7 13.e5 Nf5 14.exd6
Nxd6 15.Bd3 Nf6 16.Be5 a5 17.h4 Kg8 18.b3 Qb8 19.Bxf6 Bxf6 20.Ne5
Qd8 21.h5 g5 22.Bc2 Kg7 23.Qd3 Rh8 24.Ng4 Nf5 25.Ne4 Be7 26.Rad1
Kf8 27.Ne5 Rg8 28.Qf3 Rg7 29.g3 Bd6 30.Ng4 Qc8 31.Qe2 Be7 32.Nef6
Qd8 33.d5 Bxf6 34.dxe6 Nd6 35.Nxf6 Qxf6 36.Rxd6 Qe7 37.Rd7 Qxe6
38.Rxc7 Qxe2 39.Rxe2 Bf3 40.Be4 Bxe2 41.Bxa8 Bxh5 42.f3 f5 43.Rc8+
Ke7 44.Rc7+ Kf8 45.Rc8+ 1/2-1/2

[Event "SK Bebenhausen 1 - Heilbronner SV 1"]
[Site "Oberliga Württemberg 2018/2019"]
[Date "2018.11.11"]
[Round "3"]
[White "Bräuning, Rudolf Wilhelm"]
[Black "Zuferi, Enis"]
[Result "1/2-1/2"]
[WhiteElo "2276"]
[BlackElo "2313"]
[Annotator ""]
[Source ""]
[Remark ""]

1.c4 e5 2.Nc3 Nf6 3.Nf3 Nc6 4.g3 d5 5.cxd5 Nxd5 6.Bg2 Nb6 7.O-O
Be7 8.d3 O-O 9.Be3 Be6 10.d4 exd4 11.Nxd4 Nxd4 12.Qxd4 Nc4 13.Bxb7
Rb8 14.Bc6 Nxe3 15.Qxe3 Rxb2 16.Rfd1 Qb8 17.Nd5 Bd6 18.Rd2 Rb1+
19.Rxb1 Qxb1+ 20.Kg2 a6 21.Qc3 Rb8 22.Qc2 Qa1 23.Nc3 Bb4 24.Rd3
Bxc3 25.Rxc3 Rb1 26.Be4 Rg1+ 27.Kf3 g6 28.Qd2 Rd1 29.Qc2 Rf1
30.e3 Qe1 31.Rxc7 Rxf2+ 32.Qxf2 Bg4+ 33.Kg2 Bh3+ 34.Kf3 Bg4+ 1/2-1/2

[Event "SK Bebenhausen 1 - Heilbronner SV 1"]
[Site "Oberliga Württemberg 2018/2019"]
[Date "2018.11.11"]
[Round "3"]
[White "Schmidt, Tobias"]
[Black "Frick, Christoph"]
[Result "1/2-1/2"]
[WhiteElo "2230"]
[BlackElo "2180"]
[Annotator ""]
[Source ""]
[Remark ""]

1.e4 g6 2.d4 Bg7 3.Nc3 c6 4.f4 d5 5.e5 Nh6 6.Nf3 O-O 7.Be3 Bg4
8.h3 Nf5 9.Bf2 Bxf3 10.Qxf3 f6 11.Qd3 fxe5 12.fxe5 e6 13.O-O-O
c5 14.dxc5 Nc6 15.g4 Nxe5 16.Qe2 Ne7 17.Bg2 Qa5 18.Rhf1 N7c6
19.Kb1 Rae8 20.Qb5 Qc7 21.Bg3 Qd7 22.Ne4 Rxf1 23.Bxf1 a6 24.Qa4
Rf8 25.Be2 Qf7 26.Nd6 Qf6 27.c3 Qg5 28.Nxb7 Qe3 29.Bxe5 Nxe5
30.Bxa6 Nf3 31.Qc2 d4 32.Qe2 Qxe2 33.Bxe2 dxc3 34.bxc3 Bxc3 35.Bxf3
Rxf3 36.c6 Be5 37.Rd8+ Kg7 38.Rd7+ Kf6 39.Nd8 Rxh3 40.Rf7+ Kg5
41.c7 Rc3 42.Rxh7 Kxg4 43.Nxe6 Kf5 44.Ng7+ Ke4 45.Ne8 g5 46.Re7
Kf4 47.Rf7+ Ke4 1/2-1/2

[Event "SK Bebenhausen 1 - Heilbronner SV 1"]
[Site "Oberliga Württemberg 2018/2019"]
[Date "2018.11.11"]
[Round "3"]
[White "Khadempour, Farhad"]
[Black "Pogan, Nikolas"]
[Result "0-1"]
[WhiteElo "2165"]
[BlackElo "2225"]
[Annotator ""]
[Source ""]
[Remark ""]

1.e4 d6 2.d4 Nf6 3.Nc3 e5 4.Nf3 Nbd7 5.Bg5 Be7 6.h3 c6 7.a4 O-O
8.dxe5 dxe5 9.Bc4 h6 10.Bxf6 Bxf6 11.O-O Nc5 12.Qe2 Qe7 13.Rfd1
Ne6 14.Qe3 Nd4 15.Rd2 Qb4 16.b3 Kh8 17.Rad1 a6 18.Nb1 b5 19.c3
Nxf3+ 20.Qxf3 Qc5 21.axb5 axb5 22.Be2 Bg5 23.Rb2 Ra1 24.b4 Qa7
25.Bd3 Be6 26.Qe2 Rd8 27.Bc2 Rxd1+ 28.Qxd1 Qd7 29.Qxd7 Bxd7 30.Bd3
Be6 31.Kh2 Bc1 32.Re2 Bc4 33.Bxc4 bxc4 34.Nd2 Ra2 35.Kg3 Rxd2
36.Re1 Rd3+ 37.f3 Rxc3 0-1

[Event "SK Bebenhausen 1 - Heilbronner SV 1"]
[Site "Oberliga Württemberg 2018/2019"]
[Date "2018.11.11"]
[Round "3"]
[White "Degenhard, Simon"]
[Black "Carstens, Andreas"]
[Result "1-0"]
[WhiteElo "2194"]
[BlackElo "2124"]
[Annotator ""]
[Source ""]
[Remark ""]

1.d4 Nf6 2.Nf3 g6 3.c4 Bg7 4.Nc3 O-O 5.Bg5 c5 6.d5 h6 7.Bf4 d6
8.h4 Qb6 9.Qc2 e5 10.dxe6 Bxe6 11.Rd1 Nc6 12.Rxd6 Rad8 13.Rxd8
Rxd8 14.e3 Nb4 15.Qb3 Bf5 16.Be2 Bc2 17.Qa3 Nd3+ 18.Bxd3 Bxd3
19.Ne5 Bf5 20.O-O a6 21.f3 Be6 22.Na4 Qb4 23.Nxc5 Qxa3 24.bxa3
Bc8 25.Rb1 Rd2 26.Nxb7 Nh5 27.Bh2 Bf6 28.Nc5 Bf5 29.e4 Bxh4 30.Nxa6
Be6 31.Nc7 Bf2+ 32.Kf1 Ng3+ 33.Bxg3 Bxg3 34.Rb8+ Kh7 35.Nxe6
Bxe5 36.Rb7 Kg8 37.Nc5 Rxa2 38.Nd3 Bd4 39.Rb3 Rc2 40.c5 Bxc5
41.Nxc5 Rxc5 42.Rb1 Kf8 43.a4 Ke7 44.Ra1 Kd6 45.a5 Kc7 46.Ra2
Kb7 47.a6+ Ka7 48.Ke2 h5 49.Ke3 Rb5 50.f4 Rb4 51.g3 Rb3+ 52.Kf2
h4 53.gxh4 Rh3 54.Kg2 Rxh4 55.Kg3 Rh1 56.Ra5 Rg1+ 57.Kf2 Rg4
58.Kf3 Rg1 59.Ra4 Rb1 60.f5 gxf5 61.exf5 f6 62.Kg4 Rg1+ 63.Kf3
Rf1+ 64.Ke4 Re1+ 65.Kf3 Rf1+ 66.Kg4 Rg1+ 67.Kh4 Rf1 68.Ra5 Rg1
69.Kh5 Rg5+ 70.Kh6 Rg1 71.Kh7 Rg2 72.Kh8 Rg1 73.Kh7 Rg2 74.Rd5
Kxa6 75.Rd6+ Kb7 76.Rxf6 Kc7 77.Re6 Kd7 78.Re1 Rg3 79.f6 Rg2
80.f7 Rf2 81.Kg8 Rg2+ 82.Kf8 Rf2 83.Rd1+ Ke6 84.Ke8 Rxf7 85.Re1+
Kf6 86.Rf1+ 1-0

[Event "SK Bebenhausen 1 - Heilbronner SV 1"]
[Site "Oberliga Württemberg 2018/2019"]
[Date "2018.11.11"]
[Round "3"]
[White "Latzke, Boris"]
[Black "Tschlatscher, Thomas"]
[Result "1-0"]
[WhiteElo "2146"]
[BlackElo "2125"]
[Annotator ""]
[Source ""]
[Remark ""]

1.d4 Nf6 2.c4 e6 3.Nf3 d5 4.Bg5 Be7 5.Nc3 O-O 6.cxd5 exd5 7.e3
c6 8.Bd3 Nbd7 9.O-O h6 10.Bh4 Ne4 11.Bxe7 Nxc3 12.Bxd8 Nxd1 13.Be7
Nxb2 14.Bxf8 Kxf8 15.Be2 Nc4 16.Rfc1 b5 17.Ne1 a5 18.e4 Ndb6
19.f3 b4 20.Kf2 Ba6 21.Nd3 Na4 22.Nc5 Nxc5 23.dxc5 Bb5 24.Rd1
dxe4 25.Bxc4 e3+ 26.Kxe3 Bxc4 27.Rd6 Ra6 28.Kd4 Be6 29.g4 g5
30.h3 Ke7 31.Re1 Kf6 32.Re2 a4 33.Rb2 b3 34.axb3 a3 35.Ra2 Ke7
36.Kc3 Bd5 37.Kb4 Ra7 38.Rxa3 Rc7 39.Rxh6 Bxf3 40.Ra2 Rb7+ 41.Kc3
Bd5 42.Rb2 Ra7 43.Rd6 Ra1 44.Re2+ 1-0

[Event "SK Bebenhausen 1 - Heilbronner SV 1"]
[Site "Oberliga Württemberg 2018/2019"]
[Date "2018.11.11"]
[Round "3"]
[White "Mages, Steffen"]
[Black "Roth, Jürgen Eugen"]
[Result "1-0"]
[WhiteElo "2108"]
[BlackElo "2131"]
[Annotator ""]
[Source ""]
[Remark ""]

1.d4 Nf6 2.c4 e6 3.Nf3 b6 4.a3 Bb7 5.Nc3 d5 6.Bg5 Be7 7.e3 O-O
8.cxd5 Nxd5 9.Bxe7 Qxe7 10.Bd3 c5 11.O-O cxd4 12.exd4 Nxc3 13.bxc3
Nd7 14.Re1 Rac8 15.Re3 g6 16.Qd2 Rfd8 17.Rae1 Qxa3 18.Bb1 Rc7
19.Ng5 Nf8 20.Rh3 Rdc8 21.Nxh7 Nxh7 22.Qh6 f5 23.Qxg6+ Rg7 24.Qxe6+
Kh8 25.Bxf5 Rf8 26.Rxh7+ Rxh7 27.Bxh7 Kxh7 28.Qe7+ Qxe7 29.Rxe7+
Kg6 30.Rxb7 Ra8 31.Kf1 Kf5 32.Ke2 Ke4 33.Kd2 Kd5 34.Kc2 Kc6 35.Rh7
a5 36.Rh5 Rf8 37.f3 Rg8 38.g3 Rf8 39.f4 1-0

[Event "SK Bebenhausen 1 - Heilbronner SV 1"]
[Site "Oberliga Württemberg 2018/2019"]
[Date "2018.11.11"]
[Round "3"]
[White "Wendler, David"]
[Black "Stürmer, Robin"]
[Result "0-1"]
[WhiteElo "2147"]
[BlackElo "2191"]
[Annotator ""]
[Source ""]
[Remark ""]

1.e4 Nc6 2.Nf3 Nf6 3.e5 Ng4 4.d4 d6 5.h3 Nh6 6.Bxh6 gxh6 7.Bb5
a6 8.Bxc6+ bxc6 9.O-O Rb8 10.b3 Qd7 11.Re1 Bg7 12.Nc3 Bb7 13.Ne4
c5 14.d5 O-O 15.c4 Rbd8 16.Qd3 Bc8 17.Ng3 Kh8 18.Rad1 Rg8 19.e6
fxe6 20.dxe6 Qe8 21.Nf5 Qf8 22.Qe4 Bb7 23.Qxb7 Qxf5 24.Rd5 Qf4
25.Rh5 Bc3 26.Re3 Bd4 27.Qe4 Bxe3 28.Qxe3 Qxe3 29.fxe3 Rg6 30.Nh4
Rxe6 31.Nf5 Rf8 32.Rxh6 Re5 33.g4 e6 34.Ng3 Kg7 35.Rh5 Rxe3 36.Kg2
Kg6 37.h4 h6 38.a3 Rxb3 39.a4 Rf4 40.g5 Rxg3+ 41.Kxg3 Kxh5 42.Kxf4
hxg5+ 43.hxg5 Kg6 44.a5 c6 45.Kg4 e5 46.Kh4 d5 47.cxd5 cxd5 48.Kg4
c4 49.Kf3 Kxg5 50.Ke3 Kf5 51.Ke2 Ke4 52.Kd2 Kd4 53.Kc2 Kc5 54.Kb2
Kb5 55.Kc2 Kxa5 0-1

[Event "Stuttgarter SF 1 - SF Deizisau 2"]
[Site "Oberliga Württemberg 2018/2019"]
[Date "2018.11.11"]
[Round "3"]
[White "Zeller, Frank"]
[Black "Kvetny, Mark"]
[Result "1/2-1/2"]
[WhiteElo "2372"]
[BlackElo "2406"]
[Annotator ""]
[Source ""]
[Remark ""]

1.e4 c6 2.d3 d5 3.Nd2 g6 4.Ngf3 Bg7 5.g3 dxe4 6.dxe4 b6 7.a4
Ba6 8.Bxa6 Nxa6 9.O-O Nc5 10.Qe2 Nf6 11.Ra3 O-O 12.b4 Ne6 13.Bb2
Qc8 14.Rb1 Rd8 15.a5 c5 16.b5 Nd4 17.Nxd4 cxd4 18.Nf3 Qc5 19.axb6
Qxb6 20.e5 Ne8 21.Ra6 d3 22.cxd3 Qxb5 23.Rba1 Qxd3 24.Qxd3 Rxd3
25.Kg2 1/2-1/2

[Event "Stuttgarter SF 1 - SF Deizisau 2"]
[Site "Oberliga Württemberg 2018/2019"]
[Date "2018.11.11"]
[Round "3"]
[White "Benkovic, Petar"]
[Black "Foisor, Ovidiu-Doru"]
[Result "1/2-1/2"]
[WhiteElo "2338"]
[BlackElo "2327"]
[Annotator ""]
[Source ""]
[Remark ""]

1.d4 g6 2.c4 Bg7 3.e4 d6 4.Nc3 e5 5.dxe5 dxe5 6.Qxd8+ Kxd8 7.Be3
Be6 8.O-O-O+ Nd7 9.Nf3 f6 10.Be2 Bh6 11.Bxh6 Nxh6 1/2-1/2

[Event "Stuttgarter SF 1 - SF Deizisau 2"]
[Site "Oberliga Württemberg 2018/2019"]
[Date "2018.11.11"]
[Round "3"]
[White "Fischer, Sebastian"]
[Black "Neyman, Igor"]
[Result "0-1"]
[WhiteElo "2245"]
[BlackElo "2262"]
[Annotator ""]
[Source ""]
[Remark ""]

1.d4 Nf6 2.Bg5 e6 3.Nd2 d5 4.e3 c5 5.Ngf3 Nc6 6.c3 Qb6 7.Rb1
Be7 8.Bd3 Qc7 9.O-O O-O 10.dxc5 Bxc5 11.Bxf6 gxf6 12.Nd4 Ne5
13.Bc2 f5 14.Qh5 f6 15.f4 Ng6 16.Kh1 Bxd4 17.exd4 Nxf4 18.Qh6
Ng6 19.g4 fxg4 20.Bxg6 hxg6 21.h3 Qg7 22.Qxg7+ Kxg7 23.hxg4 g5
24.Nf3 Bd7 25.Rfe1 Rae8 26.Re3 Rh8+ 27.Kg2 Kf7 28.Rf1 Ke7 29.Nd2
Rh6 30.Rh3 Rxh3 31.Kxh3 Bb5 32.Re1 Kd6 33.Nf3 Bd3 34.Kg3 Rh8
35.Nd2 Rh6 36.b3 Rh4 37.c4 f5 38.gxf5 Bxf5 39.cxd5 Rh3+ 40.Kg2
Rd3 41.Nf3 g4 42.Ne5 Rd2+ 43.Kg3 Kxd5 44.Nxg4 Kxd4 45.Rc1 Bxg4
46.Rc4+ Kd5 47.Kxg4 Rxa2 48.Rc7 b5 0-1

[Event "Stuttgarter SF 1 - SF Deizisau 2"]
[Site "Oberliga Württemberg 2018/2019"]
[Date "2018.11.11"]
[Round "3"]
[White "Strunski, Andreas"]
[Black "Bronznik, Valerij"]
[Result "1-0"]
[WhiteElo "2256"]
[BlackElo "2223"]
[Annotator ""]
[Source ""]
[Remark ""]

1.d4 Nf6 2.c4 c5 3.d5 e6 4.Nc3 exd5 5.cxd5 d6 6.Nf3 g6 7.h3 Bg7
8.Bf4 O-O 9.e3 Na6 10.Be2 Nc7 11.O-O Re8 12.a4 b6 13.Qb3 Ne4
14.Bd3 Bf5 15.Rad1 Rb8 16.Qc4 Nxc3 17.bxc3 Bxd3 18.Rxd3 a6 19.Bg5
Qd7 20.Qf4 f6 21.Bh6 g5 22.Bxg5 fxg5 23.Nxg5 Rf8 24.Qg3 h6 25.Ne4
Qf5 26.f3 Nxd5 27.Rfd1 Nf6 28.Nxd6 Qg5 29.Qf2 Qg6 30.e4 Kh7 31.Nf5
Ne8 32.f4 Rb7 33.Rg3 Qe6 34.Qf3 Rd7 35.Rxd7 Qxd7 36.Qg4 Qf7 37.Qh4
Qf6 38.Rg5 Kg8 39.Nxh6+ 1-0

[Event "Stuttgarter SF 1 - SF Deizisau 2"]
[Site "Oberliga Württemberg 2018/2019"]
[Date "2018.11.11"]
[Round "3"]
[White "Jelica, Mara"]
[Black "Gabriel, Robert"]
[Result "1/2-1/2"]
[WhiteElo "2117"]
[BlackElo "2166"]
[Annotator ""]
[Source ""]
[Remark ""]

1.e4 c5 2.Nf3 e6 3.d4 cxd4 4.Nxd4 Nf6 5.Nc3 Nc6 6.a3 d5 7.exd5
exd5 8.Bb5 Bd7 9.O-O Be7 10.Re1 O-O 11.Bg5 h6 12.Bh4 Re8 13.Qd3
Qb6 14.Nf5 Bxf5 15.Qxf5 Nd4 16.Qd3 Nxb5 17.Qxb5 Qc6 18.Rad1 Rad8
19.Qd3 a6 20.h3 b5 21.Bxf6 Bxf6 22.Rxe8+ Rxe8 23.Nxd5 Bxb2 24.Qb3
Be5 25.Nb4 1/2-1/2

[Event "Stuttgarter SF 1 - SF Deizisau 2"]
[Site "Oberliga Württemberg 2018/2019"]
[Date "2018.11.11"]
[Round "3"]
[White "Hofmann, Martin"]
[Black "Gustain, Marc"]
[Result "0-1"]
[WhiteElo "2163"]
[BlackElo "2124"]
[Annotator ""]
[Source ""]
[Remark ""]

1.d4 d5 2.c4 dxc4 3.Nf3 Nf6 4.Nc3 a6 5.a4 Nc6 6.e3 Bg4 7.Bxc4
e6 8.O-O Bd6 9.Bd2 O-O 10.Be2 Re8 11.h3 Bh5 12.a5 Qe7 13.Ra4
Rab8 14.Re1 h6 15.Qb1 e5 16.Ne4 Nxe4 17.Qxe4 Bg6 18.Qd5 exd4
19.Nxd4 Nxd4 20.Qxd4 Rbd8 21.Qc3 Be4 22.Bf1 Bc6 23.Rc4 Bd5 24.Ra4
Be5 25.Qb4 c5 26.Qh4 Bf6 27.Qf4 Bg5 28.Qg4 Bc6 29.Bc1 Bxa4 30.Qxa4
Qe4 31.Bc4 Bf6 32.Qa2 Rd7 33.f3 Qh4 34.Kf1 Qg3 35.b3 Bh4 0-1

[Event "Stuttgarter SF 1 - SF Deizisau 2"]
[Site "Oberliga Württemberg 2018/2019"]
[Date "2018.11.11"]
[Round "3"]
[White "Brenner, Markus"]
[Black "Seyfried, Claus"]
[Result "0-1"]
[WhiteElo "2042"]
[BlackElo "2107"]
[Annotator ""]
[Source ""]
[Remark ""]

1.e4 e6 2.b3 d5 3.Bb2 dxe4 4.Nc3 Nf6 5.Qe2 Be7 6.O-O-O O-O 7.g4
Nc6 8.Nxe4 Nd4 9.Qd3 c5 10.h3 Bd7 11.Bg2 Qa5 12.Kb1 Nd5 13.c3
Nb5 14.Ne2 {(=)} Na3+ 15.Ka1 Rfd8 16.Qg3 c4 17.b4 Qa4 18.Nf4
Rac8 19.Bxa3 Qxa3 20.Rb1 Rc6 21.Rb2 a5 22.b5 Rb6 23.Rhb1 Rc8
24.Bf1 Qa4 25.d3 Ba3 26.Rd2 Rxb5 27.dxc4 Rxb1+ 28.Kxb1 Nb6 29.g5
{(=)} Bc6 30.Nf6+ Kh8 31.c5 Nc4 32.Bxc4 Qxc4 33.Qh4 Qf1+ 0-1

[Event "Stuttgarter SF 1 - SF Deizisau 2"]
[Site "Oberliga Württemberg 2018/2019"]
[Date "2018.11.11"]
[Round "3"]
[White "Schmid, Wolfgang"]
[Black "Valkova, Anzhelika"]
[Result "1/2-1/2"]
[WhiteElo "2114"]
[BlackElo "1946"]
[Annotator ""]
[Source ""]
[Remark ""]

1.e4 e6 2.d4 d5 3.Bd3 dxe4 4.Bxe4 Nf6 5.Bf3 c5 6.Ne2 Nc6 7.Be3
cxd4 8.Nxd4 Nxd4 9.Bxd4 Be7 10.O-O Qc7 11.Qe2 Bd7 12.c4 Bc6 13.Bxc6+
Qxc6 14.Nc3 O-O 15.Rad1 Rfd8 16.b3 a6 17.Rd3 b5 18.cxb5 axb5
19.Rfd1 b4 20.Bxf6 Rxd3 21.Qxd3 gxf6 22.Na4 Rc8 23.Kf1 Qc2 24.Ke1
Qxa2 25.Kf1 Qc2 26.Qxc2 Rxc2 27.Ke1 Kf8 28.Rd2 Rc1+ 29.Ke2 f5
30.Kd3 Bf6 31.Rc2 Rxc2 32.Kxc2 Bd4 33.f3 Bg1 34.h3 Ke7 35.Kd3
Bf2 36.Kc4 f4 37.Nb2 Be1 38.Nd3 Bd2 39.Nxb4 Bxb4 40.Kxb4 Kd6
41.Kc4 e5 42.h4 h5 43.b4 f5 44.b5 e4 45.fxe4 fxe4 46.Kd4 e3 47.Kd3
Kc5 1/2-1/2

[Event "SC Weiler im Allgäu 1 - SC Böblingen 1"]
[Site "Oberliga Württemberg 2018/2019"]
[Date "2018.11.11"]
[Round "3"]
[White "Gähwiler, Gabriel"]
[Black "Henrichs, Thomas"]
[Result "1/2-1/2"]
[WhiteElo "2436"]
[BlackElo "2459"]
[Annotator ""]
[Source ""]
[Remark ""]

1.d4 Nf6 2.Nf3 g6 3.b3 c5 4.Bb2 cxd4 5.Nxd4 Bg7 6.g3 h5 7.Nf3
b6 8.Bg2 Bb7 9.c4 d6 10.Nc3 Nbd7 11.Rc1 O-O 12.O-O a6 13.Rc2
Rc8 14.Nd4 Bxg2 15.Kxg2 Qc7 16.e4 Qb7 17.f3 Rfe8 18.Qd2 1/2-1/2

[Event "SC Weiler im Allgäu 1 - SC Böblingen 1"]
[Site "Oberliga Württemberg 2018/2019"]
[Date "2018.11.11"]
[Round "3"]
[White "Kraus, Tomas"]
[Black "Kuklin, Valentin"]
[Result "1/2-1/2"]
[WhiteElo "2452"]
[BlackElo "2340"]
[Annotator ""]
[Source ""]
[Remark ""]

1.Nf3 Nf6 2.c4 c5 3.Nc3 Nc6 4.d4 cxd4 5.Nxd4 g6 6.e4 Nxd4 7.Qxd4
d6 8.Be2 Bg7 9.Be3 O-O 10.Qd2 Qa5 11.Rc1 Be6 12.b3 Rfc8 13.f3
a6 14.Na4 Qxd2+ 15.Kxd2 Rd8 16.Nb6 Rab8 17.Rc2 Kf8 18.g4 Nd7
19.Nd5 Ne5 20.Rb1 Nc6 21.Rcc1 Rdc8 22.Nb6 Rd8 23.b4 f5 24.gxf5
gxf5 25.Rg1 Bd4 26.Bxd4 Nxd4 27.Ke3 Nxe2 28.Kxe2 Kf7 29.Rg5 Rg8
{(=)} 30.Rbg1 fxe4 31.fxe4 Rg6 32.Ke3 Rbg8 33.Rxg6 hxg6 34.h4 1/2-1/2

[Event "SC Weiler im Allgäu 1 - SC Böblingen 1"]
[Site "Oberliga Württemberg 2018/2019"]
[Date "2018.11.11"]
[Round "3"]
[White "Ortmann, David"]
[Black "Balacek, Tadeas"]
[Result "1/2-1/2"]
[WhiteElo "2310"]
[BlackElo "2289"]
[Annotator ""]
[Source ""]
[Remark ""]

1.c4 e6 2.d4 d5 3.Nf3 Nf6 4.Nc3 Be7 5.Bg5 O-O 6.e3 h6 7.Bh4 b6
8.g4 c5 9.Bxf6 Bxf6 10.h4 cxd4 11.exd4 g6 12.g5 hxg5 13.hxg5
Bg7 14.Bg2 Nc6 15.Qa4 1/2-1/2